000 00622nam a22002057a 4500
003 JO-AjAnu
005 20240501132439.0
008 240501b jo ||||| |||| 00| 0 ara d
020 _a9783030205263
040 _aJO-AjAnu
_beng
_cJO-AjAnu
_dJO-AjAnu
_erda
041 0 _aeng
_heng
050 _aQA303
_b2019
100 1 _aOliveira, Edmundo Capelas de
_eauthor
_965417
245 0 _aSolved Exercises in Fractional Calculus /
_cEdmundo Capelas de Oliveira
260 _bSpringer ,
_c2019
300 _a321 page
490 _3studies systems decision and control
_v240
650 7 0 _aCalculus
_965418
942 _2lcc
_cBK
_n0
999 _c33491
_d33491